Quiz Une ville un rappeur - Statistiques

Statistiques générales
  • Ce quiz a été pris 387 fois
  • Le résultat moyen est 4 sur 19
Statistiques - réponses
Ville Rappeur % Correct
Marseille Jul
97%
Caen Orelsan
61%
Paris Booba
47%
Roubaix Zkr
37%
Strasbourg Larry
34%
Le Havre Médine
26%
Grenoble Mister V
25%
Rennes Lorenzo
20%
Orleans Dosseh
15%
Nancy KIKESA
14%
Toulouse Laylow
14%
Blois Niro
11%
Vierzon Josman
10%
Lyon Menace santana
6%
Perpignan Nemir
4%
Nice Infinit'
3%
Valanciennes Heuss L'enfoire
1%
Nîmes Meiiyuki
0%
Bordeaux Todd
0%
Aucun quiz correspondant
Distribution des résultats
% des personnes avec chaque résultat
Percentile par nombre de réponses
Votre historique - résultats
Vous n’avez pas pris ce quiz